Deberes del hombre /
Guardado en:
| Autor Principal: | |
|---|---|
| Formato: | Libro |
| Idioma: | Undetermined |
| Publicado: |
Buenos Aires :
Editorial Tor,
[s.d.]
|
| Materias: | |
| Etiquetas: |
Agregar Etiqueta
Sin Etiquetas, Sea el primero en etiquetar este registro!
|
| LEADER | 00470nam a22001575a 4500 | ||
|---|---|---|---|
| 001 | EHU.bham048342 | ||
| 005 | 20110922165820.0 | ||
| 008 | 110922s1950####ag############000#0#und#d | ||
| 100 | 1 | |a Mazzini, José. | |
| 245 | 0 | 0 | |a Deberes del hombre / |c José Mazzini. |
| 260 | |a Buenos Aires : |b Editorial Tor, |c [s.d.] | ||
| 300 | |a 127 p. | ||
| 653 | |a Trabajadores italianos | ||
| 653 | |a Italia | ||
| 653 | |a Libertad | ||
| 859 | |a AR-BHAM |b BIB. HUMANIDADES - Donacion Lejarraga |h MFN002561 |p 002561.19 | ||
